000 00640nam a2200205 4500
001 202835
090 _a202835
100 _a20251104 pory50
200 _aA paz perpétua
_fImmanuel Kant
_gtradução de A. M. C.
_eensaio filosófico
210 _aPorto
_cLivraria Educação Especial
_d1941
215 _a192 p.
_cbrochado
_d18 cm
225 _aObras primas de todos os tempos
606 _932
_aFilosofia
675 _a1 Kant
_vPT
_zpor
675 _a172.4
_vPT
_zpor
700 _92656
_akant
_bImmanuel
_f1724-1804
702 _917686
_aCruz
_bAlberto Machado
801 _aPT
_bBMMN
_gRPC
830 _cAna Falardo
_fAna Falardo
990 _cLIVROS